000
00291nam a2200109 a 4500
005
20201002044923.0
008
140403s1971 000 spa d
100
_a
Tagore, Rabindranath
_9
43058
245
3
_a
La casa y el mundo.
260
_a
Madrid -- Libra,
_c
1971 -- 172 p.
999
_c
43178
_d
43178
040
_a
DO-SdBNP